Équipes - Euro 2000 - Statistiques

Statistiques générales
  • Ce quiz a été pris 173 fois
    71 depuis la dernière actualisation
  • Le résultat moyen est 15 sur 16
Statistiques - réponses
Squadra % Correct
Espagne
100%
France
100%
Italie
100%
Suéde
100%
Danemark
98%
Portugal
98%
Allemagne
97%
Pays-Bas
97%
République Tchèque
97%
Belgique
95%
Angleterre
94%
Norvège
94%
Roumanie
85%
Turquie
82%
Slovénie
79%
Yougoslavie
58%
Aucun quiz correspondant
Distribution des résultats
% des personnes avec chaque résultat
Percentile par nombre de réponses
Votre historique - résultats
Vous n’avez pas pris ce quiz depuis la dernière actualisation